Представление документа в формате MARC21

ПолеНазваниеЗначение
  Тип записи a
  Библиографический уровень m
001 Контрольный номер RU\infra-m\znanium\bibl\2236500
005 Дата корректировки 20260429142123.4
008 Кодируемые данные 260120s2025 RU g rus u
020 Индекс ISBN __
a ISBN 978-5-00223-032-7
040 Источник каталогиз. __
a Служба первич. каталог. Общество с ограниченной ответственностью «ЗНАНИУМ»
041 Код языка издания __
a Код языка текста rus
044 Код страны публикации __
a Код страны публикации RU
080 Индекс УДК __
a Индекс УДК 001
084 Индекс другой классификации/Индекс ББК __
2 Источник индекса rubbk
a Индекс другой классификации/Индекс ББК 60
084 Индекс другой классификации/Индекс ББК __
2 Источник индекса rubbk
a Индекс другой классификации/Индекс ББК 72
100 Автор __
a Автор Кауфман П.
q Полное имя Кауфман Питер
245 Заглавие __
a Заглавие Новое Просвещение и борьба за свободу знания
b Продолж. заглавия Научно-популярная литература
250 Сведения об издании __
a Основные сведения об издании 1
260 Выходные данные __
a Место издания Москва
b Издательство ООО "Альпина нон-фикшн"
c Дата издания 2026
300 Физическое описание __
a Объем 272 с.
520 Аннотация __
a Аннотация В книге «Новое Просвещение и борьба за свободу знания» Питер Кауфман описывает могущественные силы которые противостояли нам на протяжении всей истории. Папы римские и инквизиторы правители и палачи комиссары и секретные службы — они веками стремились ограничить свободный поток информации. В давние времена работа над переводом Библии каралась смертной казнью словари и энциклопедии были под запретом книги о науке и истории уничтожались (иногда вместе с их авторами) а усилия по развитию общественных теле- и радиосетей были сведены на нет частным бизнесом. Теперь враги свободной мысли принимают новый облик. Гигантские корпорации агентства национальной безопасности комиссии по регулированию — все они продолжают дело своих предшественников. Все они — часть того что Кауфман называет Вселенной монстров. Книга дает ответ как свободомыслящие люди могут объединиться чтобы противостоять дезинформации и контролю над потоком знаний чтобы построить вселенную достоверной информации доступной каждому чтобы бороться со Вселенной монстров — и побеждать. Это воодушевляющий призыв к действию который расширяет определение того что значит быть гражданином в XXI веке.
521 Примеч. о цел. назн. __
a Примеч. о целев. назн. Дополнительное образование
650 Тематические рубрики __
a Основная рубрика Науковедение. Общенаучное знание и теории
655 Указ. предметных рубрик (устаревшее) __
a Жанр/ форма (устаревшее) Научно-популярная литература
856 Электронный адрес документа 4_
a Имя сервера/домена znanium.ru
m Помощь ebs_support@infra-m.ru
n Местонахождение сервера НИЦ ИНФРА-М
u URL https://znanium.ru/catalog/document?id=474437
856 Электронный адрес документа 48
a Имя сервера/домена znanium.ru
d Путь /cover/2236
f Электронное имя 2236500.jpg
q Тип электронного формата image/jpeg
u URL https://znanium.ru/cover/2236/2236500.jpg
911 __
u 0030=https://znanium.ru/catalog/document?id=474437